[Event "Chigorin Memorial 24th"]
[Site "St Petersburg"]
[Date "2016.10.23"]
[Round "9"]
[White "Lantseva, Aleksandra"]
[Black "Burdin, Daniil"]
[Result "1/2-1/2"]
[WhiteElo "1359"]
[BlackElo "1243"]
[PlyCount "97"]
[EventDate "2016.10.15"]
[EventType "swiss"]
[EventRounds "9"]
[EventCountry "RUS"]
[SourceTitle "CBM 175 Extra"]
[Source "ChessBase"]
[SourceDate "2016.12.12"]
[SourceVersion "1"]
[SourceVersionDate "2016.12.12"]
[SourceQuality "1"]

1. e4 e6 2. d4 d5 3. exd5 exd5 4. Nf3 Nf6 5. Bd3 Be7 6. 0-0 0-0 7. Bf4 c5 8. dxc5 Bxc5 9. Nc3 Be6 10. Qd2 Nfd7 11. Rad1 Nb6 12. Be2 Qe7 13. Rfe1 Rd8 14. Bg5 f6 15. Bf4 Nc6 16. Bf1 Qf7 17. Nb5 Nc4 18. Qc3 Bb4 19. Qb3 Bxe1 20. Rxe1 d4 21. Nc7 N6a5 22. Qb4 Rac8 23. Nxe6 Re8 24. Bxc4 Nxc4 25. Nfxd4 Nb6 26. Qb5 Rcd8 27. Re4 Rxd4 28. Rxd4 Qxe6 29. Be3 Rc8 30. Qb3 Qxb3 31. cxb3 Rc2 32. Rd8+ Kf7 33. Kf1 Rxb2 34. Bxb6 axb6 35. Rd7+ Kg6 36. Rxb7 Rxa2 37. Rxb6 Rb2 38. b4 Kg5 39. Rb5+ f5 40. Rb7 Kh6 41. b5 g5 42. b6 g4 43. Rf7 Rxb6 44. Rxf5 Kg6 45. Rf4 Kg5 46. Rf7 h5 47. f4+ gxf3 48. Rxf3 h4 49. h3 1/2-1/2

[Event "Chigorin Memorial 24th"]
[Site "St Petersburg"]
[Date "2016.10.17"]
[Round "3"]
[White "Burdin, Daniil"]
[Black "Mushak, Alexandr"]
[Result "0-1"]
[WhiteElo "1243"]
[BlackElo "1818"]
[PlyCount "152"]
[EventDate "2016.10.15"]
[EventType "swiss"]
[EventRounds "9"]
[EventCountry "RUS"]
[SourceTitle "CBM 175 Extra"]
[Source "ChessBase"]
[SourceDate "2016.12.12"]
[SourceVersion "1"]
[SourceVersionDate "2016.12.12"]
[SourceQuality "1"]

1. e4 g6 2. d4 Bg7 3. e5 d6 4. f4 dxe5 5. fxe5 Be6 6. Nf3 c5 7. c3 a6 8. Be2 Nh6 9. 0-0 0-0 10. b3 cxd4 11. cxd4 Nc6 12. Bb2 Nf5 13. Qd3 Qb6 14. Rd1 Rad8 15. Na3 Nxe5 16. Nxe5 Bxe5 17. Nc2 Rd7 18. Rd2 Rfd8 19. Rad1 Bxd4+ 20. Nxd4 Nxd4 21. Kh1 Nxe2 22. Qxe2 Rxd2 23. Rxd2 Rxd2 24. Qxd2 Qd6 25. Qc1 f6 26. h3 Qc6 27. Qg1 Bxh3 28. Kh2 Be6 29. Qf2 Qd6+ 30. Kh1 Kf7 31. Qf3 Qd2 32. Bxf6 Bd5 33. Bc3+ Bxf3 34. Bxd2 Bg4 35. Kg1 Ke6 36. Kf2 Kf5 37. Ke3 e5 38. Bc3 h5 39. g3 Bd1 40. b4 e4 41. a3 Bf3 42. a4 Kg4 43. Be5 g5 44. Kf2 h4 45. gxh4 gxh4 46. Ke3 Kf5 47. Bh2 Ke6 48. b5 axb5 49. axb5 Kd5 50. Bc7 Kc5 51. b6 h3 52. Kf2 h2 53. Bxh2 Kxb6 54. Be5 Kb5 55. Ke3 Kc4 56. Bh8 b5 57. Bg7 Kb3 58. Bd4 b4 59. Ba1 Kc2 60. Bh8 b3 61. Bg7 b2 62. Bxb2 Kxb2 63. Kd2 Kb3 64. Ke3 Kc3 65. Kf2 Kd2 66. Kg3 e3 67. Kxf3 e2 68. Ke4 e1Q+ 69. Kf3 Qe3+ 70. Kg4 Qf2 71. Kg5 Ke3 72. Kg4 Qf4+ 73. Kh5 Qg3 74. Kh6 Kf4 75. Kh7 Kf5 76. Kh6 Qg6# 0-1